000 00763nam a2200289Ia 4500
005 20260324114216.0
008 008 260324s9999 xx 000 0 eng d
020 _a9781003425960
037 _aEBOOK
040 _aCRL
040 _beng
040 _cCRL
041 _2eng
041 _aeng
084 _qCRL
100 _aMark D. Ellison
_91149868
245 4 _aThe Visual Rhetoric of the Married Laity in Late Antiquity
245 0 _bIconography, the Christianization of Marriage, and Alternatives to the Ascetic Ideal
260 _bTaylor and Francis
260 _c2023
365 _a
365 _b230
856 _uhttp://www.taylorfrancis.com/books/9781003425960
942 _cEBOOK
999 _c1739918
_d1739918